000 00426nam a22001697a 4500
005 20160614165336.0
008 160614b xxu||||| |||| 00| 0 eng d
020 _a0-7494-4232-8
041 _aeng
082 _b7582
100 _aDaviw, anthony
_91930
245 _aEverything you should knowakout public relations
260 _bKogen Pege India (p) ltd
_c2004
300 _a274
650 _aManagement
_9241
942 _cBK
999 _c2709
_d2708